Los falsificadores de la filosofia marxista / (Registro nro. 34492)
[ vista simple ]
| 000 -CABECERA | |
|---|---|
| campo de control de longitud fija | 00801nam a2200217 a 4500 |
| 001 - NÚMERO DE CONTROL | |
| campo de control | 000035001 |
| 005 - FECHA Y HORA DE LA ÚLTIMA TRANSACCIÓN | |
| campo de control | 20200930074035.0 |
| 008 - DATOS DE LONGITUD FIJA--INFORMACIÓN GENERAL | |
| campo de control de longitud fija | 111024s1966 cl 000 0 spa d |
| 040 ## - FUENTE DE LA CATALOGACIÓN | |
| Centro catalogador/agencia de origen | DO-SdBNP |
| Lengua de catalogación | spa |
| Centro/agencia transcriptor | BNPHU |
| 049 ## - FONDOS LOCALES (OCLC) | |
| Fondos de biblioteca | BNPD |
| 100 1# - ENTRADA PRINCIPAL--NOMBRE DE PERSONA | |
| Nombre de persona | Iovchuk, M. T. |
| 9 (RLIN) | 47845 |
| 240 10 - TÍTULO UNIFORME | |
| Título uniforme | Prótf soviemiénnij buryuásnilk fafsificátorov markeistskoi filosófii |
| Lenguaje de la obra | ruso |
| 245 14 - MENCIÓN DE TÍTULO | |
| Título | Los falsificadores de la filosofia marxista / |
| Mención de responsabilidad, etc. | M. T. Iovchuk ; tradujo del ruso Teodosio Varela ; revisó Alvaro Rojas. |
| 260 ## - PUBLICACIÓN, DISTRIBUCIÓN, ETC. | |
| Lugar de publicación, distribución, etc. | Bogotá : |
| Nombre del editor, distribuidor, etc. | Ediciones Sudamerica, |
| Fecha de publicación, distribución, etc. | 1966. |
| 300 ## - DESCRIPCIÓN FÍSICA | |
| Extensión | 281 p. ; |
| Dimensiones | 21 cm. |
| 490 1# - MENCIÓN DE SERIE | |
| Mención de serie | Fundamentos |
| 590 ## - NOTA LOCAL (RLIN) | |
| Nota local | Perteneció a la biblioteca personal de Juan Isidro Jimenes Grullón |
| 700 1# - PUNTO DE ACCESO ADICIONAL--NOMBRE DE PERSONA | |
| Nombre de persona | Varela, Teodosio, |
| Término indicativo de función/relación | tr. |
| 9 (RLIN) | 60612 |
| 700 1# - PUNTO DE ACCESO ADICIONAL--NOMBRE DE PERSONA | |
| Nombre de persona | Rojas, Alvaro. |
| 9 (RLIN) | 60613 |
| 890 #0 - | |
| -- | Fundamentos |
| Estado de retiro | Estado de pérdida | Restricciones de uso | No para préstamo | Código de colección | Localización permanente | Ubicación/localización actual | Ubicación en estantería | Fecha de adquisición | Número de inventario | Total de préstamos | Signatura topográfica completa | Código de barras | Fecha visto por última vez | Precio válido a partir de | Tipo de ítem Koha |
|---|---|---|---|---|---|---|---|---|---|---|---|---|---|---|---|
| Monografías: Libros y Folletos | General | General | Orden iniciada | 24.10.2011 | LF1 | 35001-10 | 25.06.2020 | 25.06.2020 | No se presta |
